LEADER 00872nam0-22003131i-450- 001 990003018480403321 010 $a0-444-88637-0 035 $a000301848 035 $aFED01000301848 035 $a(Aleph)000301848FED01 035 $a000301848 100 $a20000920d1990----km-y0itay50------ba 101 0 $aita 102 $aIT 200 1 $aBeyond the Technology Race$eAn Analysis of Technology Policy in Seven Industrial Countries$fAnnemieke J.M. Roobeek. 210 $aAmsterdam$cElsevier$d1990. 215 $aXII, 268 p.$d24 cm 676 $aG/1.4 676 $aN/1.4 676 $aO/1.341 702 1$aRoobeek,$bAnnemieke J. M. 801 0$aIT$bUNINA$gRICA$2UNIMARC 901 $aBK 912 $a990003018480403321 952 $aG/1.4 ROO/N.A.$b9129$fSES 959 $aSES 996 $aBeyond the Technology Race$9467454 997 $aUNINA DB $aING01 LEADER 01121nam a2200265 i 4500 001 991001732869707536 005 20020507151110.0 008 010222s1969 it 001 0 ita d 035 $ab11556158-39ule_inst 035 $aLE02724011$9ExL 040 $aDip.to Studi Giuridici$bita 082 0 $a343.4502 100 1 $aCassese, Sabino$07706 245 12$aI beni pubblici :$bcircolazione e tutela /$cSabino Cassese 260 $aMilano :$bA. Giuffré,$c1969 300 $axv, 540 p. ;$c26 cm 490 0 $aMonografie dell'Istituto di diritto pubblico della Facoltà di giurisprudenza, Università degli studi di Roma N.S ;$v40 650 4$aBeni pubblici 907 $a.b11556158$b01-03-17$c02-07-02 912 $a991001732869707536 945 $aLE027 343.45 CAS03.03$g1$i2027000017287$lle027$nprezzo in lire 65.000$o-$pE33.57$q-$rl$sm $t0$u0$v0$w0$x0$y.i11757395$z02-07-02 945 $aLE027 343.45 CAS03.03 C.2$cC. 2$g1$i2027000065479$lle027$og$pE25.00$q-$rl$s- $t0$u7$v14$w7$x0$y.i13845160$z20-09-04 996 $aBeni pubblici$967039 997 $aUNISALENTO 998 $ale027$b01-01-01$cm$da $e-$fita$git $h2$i1